00559 a2200193 4500001000700000003000400007005001700011008004100028082001600069100002200085245003800107250001200145260002900157300001000186653001700196942001200213999001500225952012500240068332OSt20220216101508.0  a511.5bD56G1 aDiestel, Reinhard1 aGraph theorycby Reinhard Diestel a3rd ed. aNew YorkbSpringerc2009 a410p. aGraph theory 2ddccBK c2016d2016 00102ddc40708TXBaCURAJbCURAJd2012-03-07eMTHg395.00l4o511.5 D56Gp2619r2025-04-08s2025-04-03w2020-09-02yBK